000 00626nam a2200241Ia 4500
003 OSt
005 20221005132659.0
006 a|||||r|||| 00| 0
007 ta
008 221004b |||||||| |||| 00| 0 eng d
024 _a50161
037 _cTextual
040 _aCRL
_cCRL
_beng
041 _2eng
_aeng
082 _aT4h2g, L1
110 _aInter University board of India and Ceylon
_950777
245 0 _aUniversity handbook
260 _c1971
650 _aHIGHER EDUCATION
700 _aInter University board of India and Ceylon
942 _hT4h2g, L1
_cTEXL
_2cc
999 _c1064481
_d1064481